| 000 | 00480nam a2200169Ia 4500 | ||
|---|---|---|---|
| 008 | 230725s2012 xx 000 0 und d | ||
| 041 | _aeng | ||
| 082 |
_a615.190 _bSET |
||
| 100 | _aSETHI P. D. | ||
| 245 | _aQUANTITATIVE ANALYSIS OF PHARMACEUTICAL FORMULATION METHODS WITH REACTION MECHANISM VOL 2 | ||
| 260 |
_bCBS PUBLICATION & DISTRIBUTORS _c2012 |
||
| 300 | _a472 | ||
| 365 | _h20 | ||
| 500 | _aTEXT BOOK | ||
| 501 | _aPQA | ||
| 650 | _aPHARMACEUTICAL QUALITY ASSURANCE | ||
| 999 |
_c756062 _d756062 |
||